000 00802nam a2200277Ia 4500
001 Z_474
003 CHAP
008 220113s1990 xx 000 0 und d
010 _a163451
040 _cCHAP
090 _aTesis J 513
100 _aJoaquín Torres, Bertin M
_9137646
245 _aCaracterización agronómica de leguminosas forrajeras /
_cpor Joaquín Torres, Bertin M. y Joel Gijón Gómez
260 _aChapingo, Méx. :
_bEl autor,
_c1990
300 _a474 p.
502 _aTesis (Ing. Agrónomo Esp. en Zootecnia) -- UACH. Departamento de Zootecnia
650 _aLeguminosas
_965807
650 _aPlantas forrajeras
_988943
700 _aGijón Gómez, Joel
_947915
901 _aTESIS J 513
902 _aM
910 _a1990
942 _c2
942 _c2
999 _c163451
_d163451